| 000 | 00817nam a22001577a 4500 | ||
|---|---|---|---|
| 003 | OSt | ||
| 005 | 20161227145143.0 | ||
| 008 | 161227b xxu||||| |||| 00| 0 eng d | ||
| 040 | _cRUA | ||
| 082 | _aCHO AGR B538 2015 Or. | ||
| 100 |
_911474 _aCHOUN CHOMNAB;ជួន ចំណាប់ |
||
| 245 | _acomparison of different type of organic fertilizer on Pak Choi (brassica chinensis) at crop research station at Royal university of Agriculture;ការប្រៀបធៀបប្រភេទជីសរីរាង្គខុសៗគ្នាទៅលើដំណាំស្ពៃតឿនៅស្ថានីយ៍ដំណាំសាកលវិទ្យាល័យភូមិន្ទកសិកម្ម | ||
| 260 |
_aPhnone Penh _bRUA _c2015 |
||
| 300 |
_ax;34p; _bill; _c29cm; |
||
| 942 |
_2ddc _cAGR |
||
| 999 |
_c11028 _d11028 |
||